Pengembaraan fantasi : (Record no. 128621)

MARC details
000 -LEADER
fixed length control field 00825nam a2200265 i 4500
001 - CONTROL NUMBER
control field C2-0329383
003 - CONTROL NUMBER IDENTIFIER
control field PPAK
005 - DATE AND TIME OF LATEST TRANSACTION
control field 20180728130448.0
008 - FIXED-LENGTH DATA ELEMENTS--GENERAL INFORMATION
fixed length control field 141217s2007 my a|||| ||||| | may d
020 ## - INTERNATIONAL STANDARD BOOK NUMBER
International Standard Book Number 9834276176
040 ## - CATALOGING SOURCE
Original cataloging agency PPAK
Language of cataloging eng
Transcribing agency PPAK
Description conventions rda
082 04 - DEWEY DECIMAL CLASSIFICATION NUMBER
Classification number 899.233
Edition number 23
090 00 - LOCALLY ASSIGNED LC-TYPE CALL NUMBER (OCLC); LOCAL CALL NUMBER (RLIN)
Classification number (OCLC) (R) ; Classification number, CALL (RLIN) (NR) 899.233
Feature heading DLY
Feature heading K
100 0# - MAIN ENTRY--PERSONAL NAME
Personal name Dlyn Azmi,
Relator term author
245 10 - TITLE STATEMENT
Title Pengembaraan fantasi :
Remainder of title pintu cahaya
264 #1 - PRODUCTION, PUBLICATION, DISTRIBUTION, MANUFACTURE, AND COPYRIGHT NOTICE
Place of production, publication, distribution, manufacture Bandar Baru Bangi, Selangor :
Name of producer, publisher, distributor, manufacturer KarnaDya Solutions ,
Date of production, publication, distribution, manufacture, or copyright notice 2007
300 ## - PHYSICAL DESCRIPTION
Extent 146 pages :
Other physical details illustrations ;
Dimensions 19 cm
336 ## - CONTENT TYPE
Source rdacontent
Content type term text
337 ## - MEDIA TYPE
Source rdamedia
Media type term unmediated
338 ## - CARRIER TYPE
Source rdacarrier
Carrier type term volume
500 ## - GENERAL NOTE
General note Mengandungi biodata penulis.
650 10 - SUBJECT ADDED ENTRY--TOPICAL TERM
Topical term or geographic name entry element Fantasy fiction, Malay. ; Young adult fiction, Malay. ; Malay fiction.
700 0# - ADDED ENTRY--PERSONAL NAME
Personal name Azliana Rashidah,
Relator term editor
942 ## - ADDED ENTRY ELEMENTS (KOHA)
-- dc
Koha item type Book
Holdings
Withdrawn Not for loan Current library Shelving location Date acquired Total Checkouts Full call number Barcode Date last seen Koha item type
    PD04, Kg. Bukit Nambua, Kuala Nerang Pinjaman Kanak-kanak 14/03/2017   K 899.233 DLY A00731084 09/05/2018 Book
    PD07, Kg. Jelutong, Sik Pinjaman Kanak-kanak 17/11/2015   K 899.233 DLY A00360853 09/05/2018 Book
    PD38, KEDA Tanjung Setol, Pendang Pinjaman Kanak-kanak 04/01/2015   K 899.233 DLY A00872472 09/05/2018 Book